=LDR 00000nam 2200000 4500 =001 INLIS000000000024007 =005 20130612122624 =008 ***********************************Ind** =035 ##$$0010-061300000024007 =041 ##$$a Ind =082 ##$$a 028.5 =090 ##$$a 028.5, Bru t =100 ##$$a Brunelli,Roberlo =245 ##$$a 336 kisah al-kitab, Elia di beri makan oleh gagak, Roberlo Brunelli =260 ##$$a 1996 $b Bogor =300 ##$$a ...hlm, ilus, 19cm =650 ##$$a Bacaan kanak-kanak =850 ##$$a NBPNMAT